[Event "XVI Ugra Cup 2020"]
[Site "Khanty-Mansiysk"]
[Date "2020.11.30"]
[Round "1.1"]
[White "Sarana, Alexey"]
[Black "Danilova, Rada"]
[Result "1-0"]
[WhiteElo "2636"]
[BlackElo "2037"]
[Annotator "TA"]
[PlyCount "66"]
[EventDate "2020.11.30"]
[EventType "swiss"]
[EventCountry "RUS"]
[SourceTitle "playchess.com"]
[Source "ChessBase"]
[SourceQuality "1"]

{[%evp 9,66,22,22,18,34,25,23,23,28,17,19,20,31,18,79,77,130,133,126,139,155,161,186,185,178,164,166,151,170,163,169,168,382,381,381,377,369,287,285,293,286,286,332,329,329,329,358,351,521,506,504,446,801,781,787,780,759,774,732]} 1. c4 e5 2. Nc3 Bb4 3. Nd5 Bc5 4. b4 Bf8 5. Bb2 c6 6. Ne3 {A21: English Opening: 1...e5 2 Nc3.} Bxb4 7. Bxe5 Nf6 8. Nf3 {White has an edge.} O-O 9. g3 d5 {[#]} 10. Bg2 $146 ({Predecessor:} 10. Bxf6 Qxf6 11. cxd5 Rd8 12. Rb1 a5 13. Qb3 cxd5 14. Nxd5 Qd6 15. Nxb4 Be6 16. Qa3 {1-0 (49) Yuan,Q (2366)-Ivic,V (2270) Bhubaneswar 2016}) 10... dxc4 11. Nxc4 Bg4 (11... Nbd7 $11) 12. Qb3 $16 Bc5 (12... Qe7 $142) 13. Qxb7 Nbd7 {[#] Strongly threatening ...Bxf3.} 14. O-O ({Worse is} 14. Qxc6 Bxf3 15. Qxf3 (15. Bxf3 $2 Nxe5 16. Nxe5 Rc8 $17) 15... Nxe5 $17) 14... Qe7 15. Qb2 Rfe8 16. d4 Bxf3 17. Bxf3 {Threatens to win with Bxf6.} Nxe5 18. dxe5 ({Don't do} 18. Nxe5 $6 Bxd4 19. Qxd4 Qxe5 $16) 18... Nd5 19. Rfd1 Rab8 20. Qc2 Bxf2+ $2 (20... Nb4 {is a better defense.} 21. Qc1 Rbd8) 21. Kxf2 $18 Qc5+ 22. e3 Rxe5 23. Rac1 Nxe3 24. Nxe3 Qxe3+ 25. Kg2 Qa3 26. Rd3 Qe7 27. Qd2 g6 28. Rxc6 Re1 (28... Reb5 $142 29. Rc2 Rc5 30. Rxc5 Qxc5) 29. Rd7 {White is clearly winning.} Qe5 30. Qd5 Re2+ {[#]} (30... Qg7 $142 31. Rc2 Qf6) 31. Kh3 $1 ({And not} 31. Bxe2 Qxe2+ 32. Kh3 Qf1+ 33. Kg4 Rb4+ 34. Kg5 Rb5 $11) 31... Qxd5 32. Bxd5 Rf2 33. Rcc7 Kg7 {White took control after the opening.  Weighted Error Value: White=0.07/Black=0.31} 1-0

[Event "XVI Ugra Cup 2020"]
[Site "Khanty-Mansiysk"]
[Date "2020.11.30"]
[Round "1.2"]
[White "Plyasunov, Daniil"]
[Black "Demchenko, Anton"]
[Result "1/2-1/2"]
[WhiteElo "1959"]
[BlackElo "2626"]
[Annotator "TA"]
[PlyCount "129"]
[EventDate "2020.11.30"]
[EventType "swiss"]
[EventCountry "RUS"]
[SourceTitle "playchess.com"]
[Source "ChessBase"]
[SourceQuality "1"]

{[%evp 13,129,25,57,16,25,0,0,0,0,0,0,0,0,0,4,0,35,40,37,33,56,4,79,0,59,37,54,31,60,45,84,77,81,62,116,97,111,121,173,175,182,184,190,168,199,141,237,143,145,135,129,143,163,206,233,147,275,260,282,87,1123,114,302,100,100,100,137,24,53,0,143,0,40,23,180,0,0,0,68,68,70,-50,-52,-57,150,150,149,149,149,0,0,0,0,0,0,0,0,0,0,0,142,144,135,130,145,143,130,0,102,0,129,0,129,0,125,0,118,0]} 1. d4 Nf6 2. c4 g6 3. Nc3 Bg7 4. e4 O-O 5. f3 d6 6. Be3 a6 7. Qd2 Nbd7 8. Nge2 {E81: King's Indian: Sämisch: 6th move deviations (including 6 Be3 c6).} b5 9. cxb5 axb5 10. Nxb5 {The position is equal.} c6 11. Nbc3 e5 12. d5 Nb6 13. dxc6 {Black must now prevent Ng3.} Nc4 14. Qc1 $1 {[#]} Be6 $146 ({Predecessor:} 14... Nxe3 15. Qxe3 Be6 16. Rd1 Qb8 17. Ng3 Qxb2 18. a4 Bh6 19. Qxh6 Qxc3+ 20. Qd2 Qxd2+ 21. Rxd2 Rxa4 22. Rxd6 {½-½ (28) Rosen,L (2327)-Sandstroem,L (2232) ICCF email 2011}) 15. Bg5 Qb8 16. Ng3 Qb4 17. b3 (17. a3 $14 Qb3 18. Rb1) 17... Na3 (17... Na5 $1 $11) 18. Bd2 (18. Bd3 $16) 18... Qb8 (18... Qd4 $1 $11) 19. Bd3 {Strongly threatening Na4.} Rc8 $1 20. O-O Rxc6 21. Qe1 $36 {[%mdl 2048] White fights for an advantage.} Nd7 22. Rc1 Qb7 23. Qe3 Nb6 (23... Rac8 $14) 24. Qe2 h5 25. Rfd1 h4 (25... Nd7 $16 26. Nf1 Rac8) 26. Nf1 $18 h3 27. Ne3 hxg2 28. Qxg2 Qe7 {[#]} 29. Ned5 (29. Nf5 $1 $18 {[%mdl 512]} Qb7 (29... gxf5 30. exf5) 30. h4) 29... Qf8 (29... Qb7 $16 30. Nb4 Rcc8) 30. Be3 Bxd5 31. exd5 Rxc3 32. Bxb6 (32. Rxc3 Nxd5 33. Bd2 e4 $17) 32... Rxc1 33. Rxc1 Qe7 34. Be3 Rb8 (34... Qh4 $16 35. Qg5 Qxg5+ 36. Bxg5 Ra5) 35. Qg4 Qe8 36. Rc7 $2 (36. Rc6 $18 {has better winning chances.}) 36... Bf6 $2 {[%mdl 8192] [#]} (36... Nb5 $16 37. Rc6 Nc3 38. Rxd6 (38. Rxc3 e4 $16) 38... Rd8 39. Rxd8 Qxd8) 37. Qh3 $2 (37. Bxg6 $1 $18 {[%mdl 512]} fxg6 38. Qh3) 37... e4 $2 (37... Nb5 $16 {is a better defense.} 38. Rd7 e4 39. fxe4 Bd4) 38. Bxe4 $2 (38. fxe4 $18 {and the rest is easy. And now e5! would win.} Nb5 39. Rc6) 38... Nb5 $16 {[#]} 39. Rc4 $1 Nc3 40. Bf2 (40. Bd2 $16 Nxe4 41. fxe4) 40... Kg7 41. Be3 (41. Bg3 $14 Ne2+ 42. Kg2) 41... Kg8 42. Bf2 (42. Bd2 $16 Nxe4 43. fxe4) 42... Nxa2 43. Be1 Qd8 $2 (43... Qe5 $1 $11 {and Black has nothing to worry.}) 44. Qg2 $2 ({Better is} 44. f4 $18) 44... Qb6+ $11 45. Kh1 {Hoping for Bxg6.} Qxb3 {[#]} ({Black should try} 45... Qe3 $1 $11 46. Qd2 Qxb3) 46. Bxg6 $1 $14 {[%mdl 512]} Kf8 $1 (46... fxg6 47. Qxg6+) 47. Re4 (47. Rf4 $1 $14 Qd1 48. Qg1 (48. Rxf6 $2 Qxe1+ 49. Qg1 Qxg1+ 50. Kxg1 Kg7 $19 {[%mdl 64] Double Attack})) 47... Nc3 $15 (47... fxg6 $2 48. Qxg6 Qxf3+ 49. Kg1 $17) 48. Re3 {Bh7 is the strong threat.} Re8 $2 {[#]} (48... Qb6 $15 {keeps the upper hand.} 49. Rxc3 Bxc3 50. Bxc3 fxg6) 49. Bxf7 $1 $16 Kxf7 50. Rxe8 Kxe8 51. Qg6+ (51. Qg8+ $16 Kd7 52. Qe6+ {[%mdl 64] Double Attack} Kc7 53. Qf7+ (53. Qxf6 Nxd5 54. Qf7+ Kc6 $16) 53... Kc8 54. Qe8+ (54. Qxf6 Nxd5 55. Qf8+ Kc7 $16) 54... Bd8 55. Qc6+ {[%mdl 64] Double Attack} Kb8 56. Qxc3 (56. Bxc3 Qb1+ 57. Kg2 Qc2+ 58. Kg3 Qg6+ 59. Kf2 Qc2+ 60. Ke3 Qxh2 $16) 56... Qxd5 57. Qb4+ Kc8 58. Kg2) 51... Ke7 $11 52. Qh7+ Kf8 53. Qh6+ {[%mdl 64] Double Attack} Kf7 (53... Ke7 $5 54. Qh7+ $8 Kf8 55. Qh6+ {[%mdl 64] Double Attack} Kf7 56. Qh7+ Kf8 $11) 54. Qh7+ Kf8 55. Qh6+ {[%mdl 64] Double Attack} Ke7 56. Qh7+ Ke8 (56... Kf8 $11 {keeps the balance.} 57. Qh6+ {[%mdl 64] Double Attack}) 57. Qg8+ $16 {[%mdl 1024] White has strong compensation.} Kd7 58. Qe6+ $1 {[%mdl 64] Double Attack} Kc7 59. Qf7+ Kc8 60. Qe6+ Kc7 61. Qf7+ Kc8 62. Qe6+ Kc7 63. Qf7+ Kc8 64. Qe6+ Kc7 {Threatens to win with ...Qc4!} 65. Qf7+ {Weighted Error Value: White=0.63/Black=0.29} (65. Qxf6 $16 Nxd5 66. Qf7+ Kc6 67. Qe8+ Kc7 68. Qe4 (68. Ba5+ Kb7 $16)) 1/2-1/2

[Event "XVI Ugra Cup 2020"]
[Site "Khanty-Mansiysk"]
[Date "2020.11.30"]
[Round "1.3"]
[White "Zvjaginsev, Vadim"]
[Black "Fomkin, Dmitry"]
[Result "1-0"]
[WhiteElo "2602"]
[BlackElo "1949"]
[Annotator "TA"]
[PlyCount "118"]
[EventDate "2020.11.30"]
[EventType "swiss"]
[EventCountry "RUS"]
[SourceTitle "playchess.com"]
[Source "ChessBase"]
[SourceQuality "1"]

{[%evp 17,118,12,11,18,26,21,27,16,27,12,30,45,33,18,16,12,41,18,25,12,20,9,19,3,19,4,14,17,0,7,11,0,20,16,17,28,27,4,43,0,0,0,0,0,0,0,50,63,61,35,33,13,37,29,32,0,73,88,126,103,202,192,232,224,225,225,230,181,210,206,262,258,289,143,143,26,566,562,648,623,631,616,372,372,817,808,793,698,1694,1606,1544,1472,1719,1536,2288,2168,1624,1476,29966,5533,4736,4718,4710]} 1. Nf3 d5 2. g3 Nf6 3. Bg2 Bg4 4. O-O e6 5. h3 Bxf3 6. exf3 Bd6 7. f4 O-O 8. d3 c6 9. Nd2 Nbd7 10. Re1 {A07: Réti Opening: New York and Capablanca Systems.} Qc7 11. Nf3 {[#]} b5 $146 ({Predecessor:} 11... Rfe8 12. d4 c5 13. Be3 Rac8 14. c3 b5 15. Ne5 Nb6 16. Nd3 c4 17. Ne5 Ne4 {½-½ (47) Stanec,N (2566)-Freitag,M (2396) Austria 2005}) 12. Qe2 {White has an edge.} Nb6 13. Bd2 c5 14. Ba5 Qb7 15. Bc3 Nfd7 16. b3 Rac8 17. Ng5 {Strongly threatening Qg4.} Be7 18. a4 b4 19. Bd2 Bf6 20. Rac1 a5 21. h4 Qc7 22. f5 exf5 23. Qh5 {[%csl Gg5][%cal Rh5h7]} h6 24. Nh3 Bc3 25. Bxc3 bxc3 26. Qxf5 Qd6 27. g4 Rce8 28. g5 g6 29. Qf4 Qxf4 30. Nxf4 hxg5 31. Nxd5 gxh4 32. Nxc3 Nf6 33. Bc6 Rc8 34. Bb5 Nfd5 35. Nxd5 Nxd5 36. Bc4 Rfd8 (36... Nf4 $1 $11 {remains equal.}) 37. Re4 $16 Nc3 38. Re7 Rd4 (38... Rf8 $16) 39. Bxf7+ $18 {[%mdl 64] Double Attack} Kf8 40. Rce1 Rf4 41. Bc4 {Hoping for Rh7.} Rc6 42. Rh7 Rcf6 43. Bb5 {[%csl Gb5][%cal Re1e8]} Kg8 44. Rc7 {Re8+ is the strong threat.} Rxf2 {[#] White must now prevent ...Ne2+.} 45. Re8+ (45. Rxc5 $2 Ne2+ 46. Kh1 R6f3 $19) (45. d4 $1 $18 {and the rest is easy. Threatens to win with Re8+.} R2f5 46. Re8+ (46. Rxc5 Nxb5 47. axb5 Rf4 $16) (46. dxc5 Rg5+ 47. Kh1 Nd5 $18) 46... Rf8 47. Bc4+ (47. dxc5 Rxe8 48. Bxe8 Ne2+ 49. Kh1 Rf2 $14) 47... Kh8 48. Rxf8+ Rxf8 49. dxc5) 45... Rf8 $16 46. d4 ({But not} 46. Rxc5 $6 Ne2+ 47. Kh1 Ng3+ 48. Kg1 Ne2+ 49. Kh1 Ng3+ 50. Kg1 Ne2+ $11) (46. Rxf8+ $16 Rxf8 47. Bc4+ (47. Rxc5 Ne2+ 48. Kh2 Kg7 $18) 47... Kh8 48. Rxc5) 46... Nxb5 $4 {[%mdl 8192] Loses the game.} ({Wrong is} 46... cxd4 $2 47. Bc4+ Kh8 48. Ree7 $18) (46... Rxe8 $1 $11 {and Black is okay.} 47. Kxf2 Rf8+ 48. Kg2 cxd4) 47. Rxf8+ $18 Rxf8 48. axb5 $11 {[%mdl 4096] Endgame KR-KR} Rb8 49. d5 Kf8 50. c4 g5 $2 (50... Ke8 51. Rh7 Rb6 52. Rxh4 g5) 51. d6 $18 Ke8 52. Rxc5 Kd7 53. Rd5 Ke6 54. Rxg5 Kxd6 55. c5+ Kd7 56. Rg7+ Ke6 57. b6 Rc8 {[#]} 58. b7 (58. c6 $142 $1 {[%mdl 512]} Kf6 (58... Rxc6 59. b7) 59. b7 Rxc6 60. b8=Q Rc1+ 61. Kg2 Kxg7 62. Qe5+ Kg6 63. Qe4+ Kg7 64. Qg4+ Kf6 65. Qf4+ {[%mdl 64] Double Attack} Ke6 66. Qxc1) 58... Rb8 59. Rc7 Kd5 {Weighted Error Value: White=0.17/Black=0.50} 1-0

[Event "XVI Ugra Cup 2020"]
[Site "Khanty-Mansiysk"]
[Date "2020.11.30"]
[Round "1.4"]
[White "Mongush, Kezhik"]
[Black "Pridorozhni, Aleksei"]
[Result "0-1"]
[WhiteElo "1942"]
[BlackElo "2590"]
[Annotator "TA"]
[PlyCount "112"]
[EventDate "2020.11.30"]
[EventType "swiss"]
[EventCountry "RUS"]
[SourceTitle "playchess.com"]
[Source "ChessBase"]
[SourceQuality "1"]

{[%evp 9,112,24,24,14,33,23,33,0,26,10,31,28,32,19,24,24,18,28,47,26,58,49,46,39,31,20,56,45,50,33,52,0,63,-19,-10,-12,-12,-14,-18,-14,-16,-16,-9,-16,-16,-24,-16,-16,-13,-14,-13,-23,-8,-39,-8,-31,-35,-34,-26,-71,-2,-63,-63,-207,-207,-273,-261,-259,-235,-385,-367,-327,-193,-195,-196,-325,-287,-418,-372,-379,-367,-418,-290,-314,-304,-562,-552,-1280,-1256,-1063,-860,-3410,-3075,-1669,-1189,-2978,-1312,-29971,-29970,-29973,-29974,-29974,-29974,-29975,-29974]} 1. d4 e6 2. c4 b6 3. Nf3 Bb7 4. e3 f5 5. Bd3 Nf6 6. O-O {A40: Unusual replies to 1 d4.} Bd6 {has lost popularity (6...Be7).} 7. b3 O-O 8. Nbd2 {White is slightly better.} Nc6 9. Bb2 {[#]} Qe8 $146 ({Predecessor:} 9... Nb4 10. Be2 c5 11. a3 Nc6 12. Ne5 Qc7 13. f4 Be7 14. Bf3 d5 15. Rc1 Rad8 {0-1 (33) Balmelle,J (1679)-Lampon,M (1803) IECC email 2017}) 10. a3 a5 11. e4 {And now e5 would win.} fxe4 12. Nxe4 Nxe4 13. Bxe4 Qh5 {...Rxf3! is the strong threat.} 14. g3 Rae8 15. Re1 Nd8 {Hoping for ...Bxe4.} 16. Bxb7 Nxb7 17. Ne5 Qf5 18. f4 Re7 19. Qf3 Nd8 20. Rad1 (20. Rac1 $14) 20... Nf7 (20... Qc2 $11 21. Bc1 a4) 21. Qe4 (21. Nd3 $14) 21... Nxe5 $11 22. dxe5 Bc5+ 23. Kg2 g5 {[%cal Rg5f4]} 24. Qxf5 Rxf5 25. Re4 Ref7 {[%cal Rg5f4]} 26. Bc1 gxf4 27. Rxf4 Rxe5 28. Rxf7 Kxf7 29. Rxd7+ {[%mdl 4160] [#] Endgame Double Attack. KRB-KRB} Kg6 30. h4 Re1 31. Bd2 Rb1 32. h5+ Kxh5 33. b4 $1 {[%cal Rb4c5]} Bd6 {aiming for ...Rb2.} 34. Kh3 Rh1+ 35. Kg2 Ra1 $1 {[%cal Ra1a2] Strongly threatening ...Ra2.} 36. c5 {White does not recover from this.} (36. Rxh7+ $15 Kg6 37. Rh6+ Kf7 38. Rh7+ Ke8 39. c5 (39. bxa5 $2 Ra2 $19) 39... bxc5 40. bxc5) 36... bxc5 $19 37. bxc5 Ra2 ({Worse is} 37... Bxc5 38. Rxh7+ Kg4 39. Rg7+ Kf5 40. Rxc7 $15 (40. Rg5+ Ke4 $15)) 38. cxd6 Rxd2+ {[%mdl 64] [#] Double Attack. KR-KR} 39. Kh3 (39. Kf3 $142 cxd6 40. Ke3) 39... cxd6 40. Rxh7+ Kg6 (40... Kg5 $142 41. Rg7+ Kf5 42. Rf7+ Ke4) 41. Ra7 Rd5 42. Ra6 (42. Ra8 {was necessary.}) 42... Kg5 43. a4 (43. Kg2 $142) 43... e5 44. Ra8 Rc5 45. Rg8+ Kf6 46. g4 Rc4 47. g5+ $2 (47. Kh4 Ke7 48. Ra8 Rxa4 49. Kg5) 47... Kf5 48. g6 Rxa4 49. g7 Kf6 50. Rd8 Kxg7 51. Rxd6 Kf7 52. Kg3 Ra1 53. Kf3 a4 {[%cal Ba5a4,Ba4a3,Ba3a2][%mdl 32] Black mates.} 54. Ra6 a3 55. Kg2 a2 56. Ra5 e4 {Weighted Error Value: White=0.67/Black=0.14} 0-1

[Event "XVI Ugra Cup 2020"]
[Site "Khanty-Mansiysk"]
[Date "2020.11.30"]
[Round "1.5"]
[White "Rozum, Ivan"]
[Black "Zvereva, Margarita"]
[Result "1-0"]
[WhiteElo "2563"]
[BlackElo "1937"]
[Annotator "TA"]
[PlyCount "79"]
[EventDate "2020.11.30"]
[EventType "swiss"]
[EventCountry "RUS"]
[SourceTitle "playchess.com"]
[Source "ChessBase"]
[SourceQuality "1"]

{[%evp 24,79,55,55,64,60,76,67,69,71,127,126,120,118,117,108,125,126,120,122,114,121,127,109,139,141,144,129,134,137,137,85,145,135,162,143,145,73,208,193,398,398,402,385,685,583,743,735,741,733,1247,1247,1246,1233,1220,1214,29972,29973]} 1. d4 Nf6 2. Nf3 d5 3. c4 e6 4. g3 Be7 5. Bg2 O-O 6. O-O c6 7. b3 b6 8. Nc3 Nbd7 9. Qd3 Ba6 10. e4 Rc8 11. Rd1 dxe4 12. Nxe4 Nxe4 13. Qxe4 Nf6 {E09: Closed Catalan: Main Line: 7 Qc2 c6 8 Nbd2.} 14. Qc2 Qc7 15. Bf4 Bd6 {White is slightly better.} 16. Be5 {[#]} Nd7 $146 (16... Rfe8 $142) ({Predecessor:} 16... Rfd8 17. Bxf6 gxf6 18. Qe4 Bf8 19. Qh4 Bg7 20. a4 c5 21. d5 exd5 22. cxd5 Be2 {1-0 (53) Rachela,M (2346)-Banas,K (2164) Slovakia 2015}) 17. Ng5 $1 $16 {[%csl Gg5][%cal Rc2h7]} g6 {[#]} 18. Bxd6 $1 Qxd6 19. c5 Qe7 20. Ne4 Nf6 21. Nd6 Rc7 22. b4 Nd5 23. a3 Qf6 24. Rac1 Rd8 25. Qd2 Ne7 26. Ne4 Qg7 27. Qg5 (27. a4 $142) 27... h6 (27... Bb5 $142) 28. Nf6+ Kh8 {[#]} 29. Qe5 $1 {[%cal Re5c7]} Rcc8 30. h4 (30. a4 $142) 30... h5 {This costs Black the game.} (30... Be2 $16) 31. a4 $40 {[%mdl 128] White wants a kill.} Nd5 $2 (31... Be2 {was called for.} 32. Rd2 (32. Qxe2 Qxf6 33. Qa6 Kg7 $14) 32... Ng8) 32. Bxd5 exd5 33. Rc3 Bc4 $2 (33... bxc5 34. Rxc5 (34. dxc5 Re8 $17 {[%mdl 64] Pin}) 34... Bc4) 34. Re3 bxc5 35. bxc5 Rb8 36. Rde1 Rb3 37. Rxb3 Bxb3 38. Rb1 Bxa4 39. Rb8 Rf8 40. Qd6 {Weighted Error Value: White=0.10/Black=0.81} 1-0

[Event "XVI Ugra Cup 2020"]
[Site "Khanty-Mansiysk"]
[Date "2020.11.30"]
[Round "1.6"]
[White "Makov, Artem"]
[Black "Bocharov, Ivan"]
[Result "0-1"]
[WhiteElo "1883"]
[BlackElo "2559"]
[Annotator "TA"]
[PlyCount "40"]
[EventDate "2020.11.30"]
[EventType "swiss"]
[EventCountry "RUS"]
[SourceTitle "playchess.com"]
[Source "ChessBase"]
[SourceQuality "1"]

{[%evp 18,40,0,0,6,-13,1,-5,0,-12,4,-16,-12,-32,-20,-37,-40,-35,0,-32,-41,-68,-80,-100,-93]} 1. d4 Nf6 2. Nf3 e6 3. c4 d5 4. Nc3 Be7 5. Bg5 O-O 6. e3 b6 7. Be2 Bb7 8. Bxf6 Bxf6 9. cxd5 exd5 10. O-O Nd7 {D55: Queen's Gambit Declined: 4 Bg5 Be7: Lines without ...h6 and 6...h6 7 Bxf6.} 11. Rc1 Be7 12. Qd2 Re8 {[#] The position is equal.} 13. Rfd1 $146 ({Predecessor:} 13. a3 Nf6 14. Qc2 c5 15. dxc5 bxc5 16. Rfd1 Bd6 17. h3 a6 18. Kf1 Qc7 19. Kg1 {0-1 (34) Coleman,G-Willson,B CServe email 1995}) 13... a6 14. a3 Bd6 15. b4 b5 16. Qa2 Nb6 17. Nd2 Qg5 18. Bf3 c6 19. Nb3 Nc4 20. Nc5 Bc8 {Weighted Error Value: White=0.14/Black=0.09} 0-1

[Event "XVI Ugra Cup 2020"]
[Site "Khanty-Mansiysk"]
[Date "2020.11.30"]
[Round "1.7"]
[White "Tsydypov, Zhamsaran"]
[Black "Voskresenskaya, Marta"]
[Result "0-1"]
[WhiteElo "2558"]
[BlackElo "1867"]
[Annotator "TA"]
[PlyCount "25"]
[EventDate "2020.11.30"]
[EventType "swiss"]
[EventCountry "RUS"]
[SourceTitle "playchess.com"]
[Source "ChessBase"]
[SourceQuality "1"]

{[%evp 9,25,0,16,16,22,15,15,17,47,20,38,39,81,78,71,70,76,72]} 1. e4 c6 2. Nf3 d5 3. d3 dxe4 4. dxe4 Qxd1+ 5. Kxd1 Bg4 6. Be2 {B10: Caro-Kann: 2 d3 and 2 c4.} Nd7 7. Ne1 Bxe2+ 8. Kxe2 {The position is equal.} e5 9. f3 {[#]} O-O-O $146 ({Predecessor:} 9... f6 10. Nd3 Nc5 11. Be3 Nxd3 12. cxd3 Bd6 13. Nd2 Ne7 14. Nc4 Kd7 15. Rhc1 Rhb8 {1-0 (77) Alekseenko,K (2715)-Pelletier,Y (2561) Budva 2019}) 10. Nd3 Bc5 11. Nxc5 Nxc5 12. Be3 Nd7 13. a4 {[%mdl 32768] Black got outplayed after the opening.  Weighted Error Value: White=0.05/Black=0.13. Loss on time!?} ({Of course not} 13. Bxa7 b6 $15) 0-1

[Event "XVI Ugra Cup 2020"]
[Site "Khanty-Mansiysk"]
[Date "2020.11.30"]
[Round "1.8"]
[White "Alekseenko, Mariya"]
[Black "Savchenko, Boris"]
[Result "0-1"]
[WhiteElo "1724"]
[BlackElo "2551"]
[Annotator "TA"]
[PlyCount "24"]
[EventDate "2020.11.30"]
[EventType "swiss"]
[EventCountry "RUS"]
[SourceTitle "playchess.com"]
[Source "ChessBase"]
[SourceQuality "1"]

{[%evp 11,24,-10,14,-18,-17,-16,0,-6,-8,-23,-28,-23,-20,-37,-23]} 1. Nf3 g6 2. g3 Bg7 3. Bg2 e5 4. d3 Ne7 5. O-O c5 6. e4 Nbc6 7. c4 {A04: Unusual lines after 1 Nf3 and King's Indian Attack.} Rb8 $5 {[%mdl 4] A promising side line.} 8. Nc3 a6 9. Be3 d6 10. Qd2 b5 11. b3 O-O 12. Nh4 {[#]} Nd4 $146 {[%mdl 32768] A rather calm draw.  Weighted Error Value: White=0.11/Black=0.03. Loss on time!?} ({Predecessor:} 12... Qa5 13. Rfd1 Bg4 14. f3 Bd7 15. Bf1 f5 16. Nd5 Qd8 17. Bg5 Qe8 18. Bxe7 Nxe7 19. Nxe7+ Qxe7 {0-1 (49) Schach,V (1957)-Greinert,T (2113) Dresden 2007}) 0-1

[Event "XVI Ugra Cup 2020"]
[Site "Khanty-Mansiysk"]
[Date "2020.11.30"]
[Round "1.9"]
[White "Iljiushenok, Ilia"]
[Black "Efimov, Leonid"]
[Result "1-0"]
[WhiteElo "2539"]
[BlackElo "1711"]
[Annotator "TA"]
[PlyCount "113"]
[EventDate "2020.11.30"]
[EventType "swiss"]
[EventCountry "RUS"]
[SourceTitle "playchess.com"]
[Source "ChessBase"]
[SourceQuality "1"]

{[%evp 11,113,23,19,14,21,20,18,32,50,49,51,50,57,42,62,57,70,70,71,76,88,93,116,108,152,96,87,93,90,63,63,61,92,93,97,91,93,101,93,102,95,85,99,80,86,92,92,87,98,84,92,86,111,104,98,102,103,55,337,325,312,289,352,330,379,379,375,375,585,585,568,539,476,439,416,409,804,708,944,944,933,935,902,897,776,415,647,619,1822,4570,4570,4540,4570,4562,3701,1064,1037,747,4586,4570,1793,1641,29971,577]} 1. e4 c5 2. Ne2 Nc6 3. g3 g6 4. Bg2 Bg7 5. O-O e6 6. c3 d5 7. d4 {B20: Sicilian: Unusual White 2nd moves.} cxd4 8. exd5 exd5 9. Nxd4 {The position is equal.} Nge7 10. Be3 O-O 11. Na3 Re8 12. Re1 {[#]} h5 $146 ({Predecessor:} 12... Ne5 13. Bg5 h6 14. Bxh6 Bxh6 15. Rxe5 Bg7 16. Re3 Bd7 17. Qb3 Bc6 18. Rae1 Qd7 {0-1 (40) Azmaiparashvili,Z (2585)-Polugaevsky,L (2610) Oviedo 1991}) 13. Qd2 h4 14. gxh4 Bg4 15. h3 Bh5 16. Nac2 Ne5 17. Bg5 f6 18. Ne6 (18. Bh6 $142 Qd7 19. b3) 18... Qd6 $16 19. Nxg7 Kxg7 20. Bf4 (20. Bh6+ {seems wilder.} Kh7 21. Bf4 Rad8 22. Nd4 Nf5 23. Nxf5 gxf5 24. Qc2) 20... Nf5 21. Bxe5 Rxe5 22. Rxe5 fxe5 23. Qxd5 Qxd5 24. Bxd5 Rd8 25. c4 Nxh4 26. Ne3 Bf3 27. Rc1 Kf6 28. Rc3 Kg5 29. Kf1 b6 30. b4 {[%cal Bb2b4,Bb4c5][%mdl 32]} e4 31. c5 {[#] Hoping for c6.} Nf5 {aiming for ...Nxe3+.} 32. Bb3 bxc5 33. bxc5 {Black must now prevent c6.} Rh8 34. Nxf5 gxf5 $2 {[%mdl 12288] Endgame KRB-KRB. Black cannot hold the game after this.} ({Black should try} 34... Kxf5 $14 35. c6 Rxh3) 35. c6 $18 Rxh3 {[%cal Rh3h1]} 36. Ke1 e3 37. fxe3 Bxc6 38. Rxc6 Rxe3+ {KRB-KR} 39. Kf2 Re5 (39... Re7 $142 40. Rc5 Kf4) 40. Ra6 Re7 41. Kf3 Rc7 42. Ra5 Rc3+ 43. Kf2 Rc7 (43... Kf4 $142 44. Rxa7 Rf3+ 45. Ke2 Re3+ 46. Kd2 Rf3) 44. Ke3 Kg4 45. Bd1+ Kg5 46. Be2 Re7+ 47. Kf3 Rd7 48. Bc4 Kf6 (48... Rd4 $142 49. Be2 Rf4+ 50. Kg2 Re4) 49. Bf1 Rc7 50. Bd3 Rc3 51. Ke3 f4+ {[#]} 52. Kd4 $1 Rc7 53. Rf5+ Ke6 54. Rxf4 Kd6 55. Rf6+ Ke7 56. Rh6 Kf8 57. Be4 {Weighted Error Value: White=0.05/Black=0.33} (57. Rh8+ $142 Ke7 58. Rh7+ Kd6 59. Rxc7 Kxc7 60. Kc5 Kd7 61. Kb5 Ke6 62. Ka6) 1-0